REGIONAL GEOGRAPHY OF INDIA (Record no. 2993)
[ view plain ]
| 000 -LEADER | |
|---|---|
| fixed length control field | 00433cam a2200181ua 4500 |
| 008 - FIXED-LENGTH DATA ELEMENTS--GENERAL INFORMATION | |
| fixed length control field | 161107n1987 II |||gr||||Z||||||eng |
| 040 ## - CATALOGING SOURCE | |
| Original cataloging agency | MAIN |
| 041 ## - LANGUAGE CODE | |
| -- | English |
| 082 ## - DEWEY DECIMAL CLASSIFICATION NUMBER | |
| Classification number | 711.5 NEG |
| 100 ## - MAIN ENTRY--PERSONAL NAME | |
| Personal name | NEGI, B. S. |
| 245 ## - TITLE STATEMENT | |
| Title | REGIONAL GEOGRAPHY OF INDIA |
| 260 ## - PUBLICATION, DISTRIBUTION, ETC. | |
| Place of publication, distribution, etc. | MEERUT |
| Name of publisher, distributor, etc. | KEDARNATH RAMNATH |
| Date of publication, distribution, etc. | 1987 |
| 300 ## - PHYSICAL DESCRIPTION | |
| Extent | 649.: |
| Dimensions | 24CM. |
| 700 ## - ADDED ENTRY--PERSONAL NAME | |
| Personal name | NEGI, B. S., |
| Relator term | AUTHOR. |
| 942 ## - ADDED ENTRY ELEMENTS (KOHA) | |
| Koha item type | Books |
| 653 ## - INDEX TERM--UNCONTROLLED | |
| Uncontrolled term | Regional Geography |
| Withdrawn status | Lost status | Damaged status | Not for loan | Collection code | Home library | Current library | Shelving location | Date acquired | Full call number | Barcode | Date last seen | Copy number | Price effective from | Koha item type |
|---|---|---|---|---|---|---|---|---|---|---|---|---|---|---|
| TBGEO | Central Library and Information Centre Sibsagar Girls College | Central Library and Information Centre Sibsagar Girls College | Sports Journalism Library sc | 07.03.1985 | 711.5 NEG | 11242 | 27.02.2020 | 1 | 27.02.2020 | Books | ||||
| TBGEO | Central Library and Information Centre Sibsagar Girls College | Central Library and Information Centre Sibsagar Girls College | Sports Journalism Library sc | 07.03.1985 | 711.5 NEG | 11243 | 27.02.2020 | 2 | 27.02.2020 | Books |